| 000 | 00547nam a2200193Ia 4500 | ||
|---|---|---|---|
| 005 | 20250923145152.0 | ||
| 008 | 008 250917s9999 xx 000 0 eng d | ||
| 037 | _aTextual | ||
| 040 |
_aDSWL _beng _cDSWL |
||
| 041 |
_aeng _2eng |
||
| 084 |
_aY11-3931x56,N6, N68 _qDSWL |
||
| 245 | 0 |
_aNew Backgrounds _cEd. by Robin Oakley |
|
| 260 |
_aLondon _bOxford University Press _c1968 |
||
| 300 | _axi,114p. | ||
| 365 |
_aINR _b13 |
||
| 925 | _g13 | ||
| 942 |
_cTEXL _hY11-3931x56,N6, N68 |
||
| 999 |
_c1447998 _d1447998 |
||